Municipalities of Forest County, Wisconsin - Statistics

General Stats
  • This quiz has been taken 30 times
  • The average score is 8 of 20
Answers on the Map
Answers color-coded by a green-red scale on the quiz's map according to % correct below.
 
Answer Stats
Answer % Correct
City of Crandon
100%
Town of Crandon
100%
Census Designated Place of Laona
60%
Town of Laona
60%
Census Designated Place of Argonne
40%
Census Designated Place of Newald
40%
Census Designated Place of Wabeno
40%
Town of Argonne
40%
Town of Lincoln
40%
Town of Ross
40%
Town of Wabeno
40%
Census Designated Place of Mole Lake
20%
Town of Alvin
20%
Town of Armstrong Creek
20%
Town of Blackwell
20%
Town of Caswell
20%
Town of Freedom
20%
Town of Hiles
20%
Town of Nashville
20%
Town of Popple River
20%
No matching quizzes found
Score Distribution
Percent of People with Each Score
Percentile by Number Answered
Your Score History
You have not taken this quiz